[Event "15. Obert Int. Sant Martí 2013 - B"]
[Site "Barcelona ESP"]
[Date "2013.07.14"]
[Round "2.42"]
[White "Riera Danes, Manel"]
[Black "Collell Rodriguez, Victor"]
[Result "1-0"]
[WhiteElo "1930"]
[BlackElo "1650"]
[PlyCount "33"]
[EventDate "2013.07.13"]
[EventType "swiss"]
[EventRounds "9"]
[EventCountry "ESP"]
[SourceTitle "Ajedrez en Madrid"]
[Source "lmi"]
[SourceDate "2013.07.13"]
[SourceVersion "1"]
[SourceVersionDate "2019.06.21"]
[SourceQuality "1"]

1. e4 e5 2. Nf3 Nc6 3. d4 exd4 4. Nxd4 Qh4 5. Nc3 Bb4 6. Be2 Qxe4 7. Ndb5 Ba5
8. Nxc7+ Kd8 9. Nxa8 Nd4 10. O-O Bxc3 11. Bd3 Qc6 12. bxc3 Qxc3 13. Be3 Nf6 14.
Qe1 Qxe1 15. Rfxe1 Nc6 16. Bb5 b6 17. Nxb6 1-0

[Event "15. Obert Int. Sant Martí 2013 - B"]
[Site "Barcelona ESP"]
[Date "2013.07.14"]
[Round "2.43"]
[White "Dominguez Carnero, Javier"]
[Black "Gomez Guinovart, Josep Manel"]
[Result "1-0"]
[WhiteElo "1913"]
[BlackElo "1670"]
[PlyCount "47"]
[EventDate "2013.07.13"]
[EventType "swiss"]
[EventRounds "9"]
[EventCountry "ESP"]
[SourceTitle "Ajedrez en Madrid"]
[Source "lmi"]
[SourceDate "2013.07.13"]
[SourceVersion "1"]
[SourceVersionDate "2019.06.21"]
[SourceQuality "1"]

1. d4 Nf6 2. Nf3 e6 3. c3 d5 4. Bf4 Nbd7 5. e3 Nh5 6. Bg3 Nxg3 7. hxg3 Nf6 8.
Qc2 Ne4 9. Bd3 f5 10. Nbd2 Bd7 11. Ne5 Qf6 12. Qb3 b6 13. Nxd7 Kxd7 14. Qa4+ c6
15. Nf3 Bd6 16. Rc1 h6 17. c4 Rhc8 18. O-O Qd8 19. cxd5 exd5 20. Ba6 Rc7 21.
Bb7 Rb8 22. Bxc6+ Ke6 23. Bxd5+ Kxd5 24. Qb3+ 1-0

[Event "15. Obert Int. Sant Martí 2013 - B"]
[Site "Barcelona ESP"]
[Date "2013.07.14"]
[Round "2.44"]
[White "Casset Bello, Elena"]
[Black "Santamaria Torres, Sergio"]
[Result "1/2-1/2"]
[WhiteElo "1908"]
[BlackElo "1620"]
[PlyCount "38"]
[EventDate "2013.07.13"]
[EventType "swiss"]
[EventRounds "9"]
[EventCountry "ESP"]
[SourceTitle "Ajedrez en Madrid"]
[Source "lmi"]
[SourceDate "2013.07.13"]
[SourceVersion "1"]
[SourceVersionDate "2019.06.21"]
[SourceQuality "1"]

1. d4 g6 2. c4 Bg7 3. Nc3 c5 4. e3 f5 5. Nf3 d6 6. g3 Nd7 7. Bg2 Ngf6 8. d5 O-O
9. O-O Nb6 10. Qd3 e5 11. dxe6 Bxe6 12. Nd2 d5 13. cxd5 Nbxd5 14. Nxd5 Bxd5 15.
Bxd5+ Qxd5 16. Qxd5+ Nxd5 17. e4 fxe4 18. Nxe4 b6 19. Rb1 Bd4 1/2-1/2

[Event "15. Obert Int. Sant Martí 2013 - B"]
[Site "Barcelona ESP"]
[Date "2013.07.14"]
[Round "2.45"]
[White "Romeo Ros, Joaquin"]
[Black "Esteban Bruguera, German"]
[Result "0-1"]
[WhiteElo "1688"]
[BlackElo "1896"]
[PlyCount "74"]
[EventDate "2013.07.13"]
[EventType "swiss"]
[EventRounds "9"]
[EventCountry "ESP"]
[SourceTitle "Ajedrez en Madrid"]
[Source "lmi"]
[SourceDate "2013.07.13"]
[SourceVersion "1"]
[SourceVersionDate "2019.06.21"]
[SourceQuality "1"]

1. d4 Nf6 2. Bf4 g6 3. e3 Bg7 4. c3 O-O 5. Nf3 d6 6. h3 Nbd7 7. Nbd2 c5 8. Qb3
a6 9. Be2 b6 10. O-O Bb7 11. Rfe1 h6 12. Nh4 d5 13. Bh2 Re8 14. Qc2 e5 15. dxe5
Nxe5 16. Rad1 Qe7 17. Bf3 Nxf3+ 18. Nhxf3 Ne4 19. Nxe4 dxe4 20. Nd2 Qe6 21. Nb3
Rad8 22. Rxd8 Rxd8 23. Rd1 Rxd1+ 24. Qxd1 Bd5 25. Qc2 Bc4 26. Nc1 Qd5 27. Bg3
b5 28. a3 a5 29. Bc7 a4 30. g4 Bf6 31. Bg3 Kg7 32. Kg2 Bb3 33. Nxb3 axb3 34.
Qc1 Qd3 35. Kh2 Qc2 36. Qa1 Bxc3 37. bxc3 b2 0-1

[Event "15. Obert Int. Sant Martí 2013 - B"]
[Site "Barcelona ESP"]
[Date "2013.07.14"]
[Round "2.46"]
[White "Guinjoan Fradera, Joan"]
[Black "Bayarri Ponsa, Eduard"]
[Result "0-1"]
[WhiteElo "1547"]
[BlackElo "1878"]
[PlyCount "108"]
[EventDate "2013.07.13"]
[EventType "swiss"]
[EventRounds "9"]
[EventCountry "ESP"]
[SourceTitle "Ajedrez en Madrid"]
[Source "lmi"]
[SourceDate "2013.07.13"]
[SourceVersion "1"]
[SourceVersionDate "2019.06.21"]
[SourceQuality "1"]

1. e4 g6 2. c4 Bg7 3. Nc3 c5 4. Nf3 Nc6 5. d3 d6 6. Be2 Bg4 7. h3 Bxf3 8. Bxf3
a6 9. Rb1 Nd4 10. Be3 b5 11. Bxd4 cxd4 12. Ne2 e5 13. cxb5 Qa5+ 14. b4 Qxb5 15.
O-O Ne7 16. a4 Qb6 17. Qb3 Bh6 18. b5 O-O 19. Bg4 Kh8 20. f4 f5 21. exf5 gxf5
22. Bf3 e4 23. dxe4 d3+ 24. Kh1 dxe2 25. Bxe2 fxe4 26. Qe6 Nf5 27. Qb3 Qe3 28.
Qxe3 Nxe3 29. Rf2 axb5 30. Bxb5 Bxf4 31. Bc6 Rac8 32. Bxe4 Rc4 33. Bd3 Rxa4 34.
g3 Bh6 35. Rxf8+ Bxf8 36. Rb7 h6 37. g4 d5 38. Kh2 Bd6+ 39. Kg1 Bg3 40. Rb1 Ra2
41. Bf1 d4 42. Kh1 Rf2 43. Bd3 Rd2 44. Ba6 Kg7 45. Rb7+ Kf6 46. Rb8 Kg5 47.
Rb5+ Kf4 48. Rb1 Bh4 49. Rg1 d3 50. Bb7 Bg3 51. Rb1 Rd1+ 52. Rxd1 Nxd1 53. Kg2
Ne3+ 54. Kg1 d2 0-1

[Event "15. Obert Int. Sant Martí 2013 - B"]
[Site "Barcelona ESP"]
[Date "2013.07.14"]
[Round "2.48"]
[White "Fernandez Benito, Carlos Pablo"]
[Black "Peiron Lluch, Jose Daniel"]
[Result "0-1"]
[WhiteElo "1624"]
[BlackElo "1798"]
[PlyCount "118"]
[EventDate "2013.07.13"]
[EventType "swiss"]
[EventRounds "9"]
[EventCountry "ESP"]
[SourceTitle "Ajedrez en Madrid"]
[Source "lmi"]
[SourceDate "2013.07.13"]
[SourceVersion "1"]
[SourceVersionDate "2019.06.21"]
[SourceQuality "1"]

1. d4 f5 2. Nf3 Nf6 3. Bg5 e6 4. Nbd2 d5 5. Bf4 Be7 6. h3 O-O 7. e3 c6 8. c3
Nbd7 9. Be2 Qe8 10. O-O Ne4 11. Rc1 h6 12. Ne5 Nxe5 13. Bxe5 Qf7 14. Nf3 Nf6
15. Bh2 Nd7 16. c4 Kh8 17. Kh1 g5 18. Ne5 Nxe5 19. Bh5 Ng6 20. cxd5 exd5 21. g4
Kh7 22. a3 fxg4 23. hxg4 Qf3+ 24. Qxf3 Rxf3 25. Bg3 Be6 26. Kg2 Raf8 27. Rh1
Nh4+ 28. Kg1 Rc8 29. Rc2 Rff8 30. b4 Kg7 31. Kf1 Bg8 32. Ke2 Bh7 33. Rc3 Be4
34. Rhc1 Bf3+ 35. Kf1 Be4 36. b5 Nf3 37. bxc6 b6 38. Ke2 Rf6 39. c7 Bd6 40.
Bxd6 Rxd6 41. Rc6 Rxc6 42. Rxc6 Nh2 43. Kd2 Bf3 44. Kd3 Nxg4 45. Bxg4 Bxg4 46.
e4 h5 47. exd5 Bf3 48. Ke3 Bxd5 49. Rc1 h4 50. f3 Kg6 51. Rc2 Be6 52. Rc6 Kf5
53. Rc2 Bd5 54. a4 g4 55. fxg4+ Kxg4 56. Kf2 h3 57. Kg1 Kg3 58. Rc3+ Bf3 59.
Rc2 Rxc7 0-1

[Event "15. Obert Int. Sant Martí 2013 - B"]
[Site "Barcelona ESP"]
[Date "2013.07.14"]
[Round "2.49"]
[White "Subirana Santos, Marc"]
[Black "Lopez Mayoral, Miguel Angel"]
[Result "1-0"]
[WhiteElo "1759"]
[BlackElo "1645"]
[PlyCount "87"]
[EventDate "2013.07.13"]
[EventType "swiss"]
[EventRounds "9"]
[EventCountry "ESP"]
[SourceTitle "Ajedrez en Madrid"]
[Source "lmi"]
[SourceDate "2013.07.13"]
[SourceVersion "1"]
[SourceVersionDate "2019.06.21"]
[SourceQuality "1"]

1. c4 e5 2. g3 Nf6 3. Bg2 Bc5 4. Nc3 d6 5. d3 O-O 6. Nf3 Nc6 7. O-O a6 8. a3
Rb8 9. b4 Bd4 10. Nxd4 Nxd4 11. a4 Bg4 12. h3 Bd7 13. e3 Nc6 14. b5 Ne7 15. Bd2
Qc8 16. Kh2 Ne8 17. e4 f5 18. Bg5 Ng6 19. Nd5 Nf6 20. Bxf6 gxf6 21. Qh5 Rf7 22.
Rac1 f4 23. c5 axb5 24. cxd6 c6 25. axb5 Qf8 26. bxc6 Bxc6 27. Nb4 Qxd6 28.
Nxc6 bxc6 29. Rcd1 Rb2 30. Qf3 Qd4 31. Rc1 c5 32. Rc4 Qd6 33. Rfc1 Rc7 34. gxf4
Nxf4 35. Bf1 Rd2 36. Rd1 Rb2 37. Ra4 Rd7 38. Ra8+ Kg7 39. Qg3+ Ng6 40. h4 h5
41. Bh3 Qd4 42. Bxd7 Rxf2+ 43. Kh1 Rf4 44. Rg1 1-0

[Event "15. Obert Int. Sant Martí 2013 - B"]
[Site "Barcelona ESP"]
[Date "2013.07.14"]
[Round "2.50"]
[White "Bienvenido Kleque, Jose"]
[Black "Jimenez Martinez, Javier"]
[Result "0-1"]
[WhiteElo "1513"]
[BlackElo "1943"]
[PlyCount "30"]
[EventDate "2013.07.13"]
[EventType "swiss"]
[EventRounds "9"]
[EventCountry "ESP"]
[SourceTitle "Ajedrez en Madrid"]
[Source "lmi"]
[SourceDate "2013.07.13"]
[SourceVersion "1"]
[SourceVersionDate "2019.06.21"]
[SourceQuality "1"]

1. d4 Nf6 2. c4 g6 3. Nc3 Bg7 4. e4 O-O 5. f3 d6 6. Bd3 e5 7. d5 Nh5 8. Nge2 f5
9. b4 f4 10. Kd2 c6 11. Bb2 Nd7 12. Qe1 Qb6 13. a3 Nhf6 14. Nc1 a5 15. bxa5
Qxb2+ 0-1

[Event "15. Obert Int. Sant Martí 2013 - B"]
[Site "Barcelona ESP"]
[Date "2013.07.14"]
[Round "2.51"]
[White "Masferrer Niubo, Enric"]
[Black "Kazmierczak, Ewa"]
[Result "1-0"]
[WhiteElo "1961"]
[BlackElo "1574"]
[PlyCount "67"]
[EventDate "2013.07.13"]
[EventType "swiss"]
[EventRounds "9"]
[EventCountry "ESP"]
[SourceTitle "Ajedrez en Madrid"]
[Source "lmi"]
[SourceDate "2013.07.13"]
[SourceVersion "1"]
[SourceVersionDate "2019.06.21"]
[SourceQuality "1"]

1. e4 e6 2. Nf3 d5 3. Nc3 Nf6 4. e5 Nfd7 5. d4 c5 6. Bg5 f6 7. exf6 Nxf6 8.
Bb5+ Nc6 9. Ne5 Bd7 10. O-O a6 11. Bxc6 bxc6 12. Qe2 cxd4 13. Nxc6 Qb6 14. Bxf6
Qxc6 15. Bxd4 Rg8 16. Qh5+ Ke7 17. Qxh7 Kf7 18. Rad1 Qc8 19. Rd3 Bb4 20. Rg3
Ke7 21. Rxg7+ Rxg7 22. Qxg7+ Kd6 23. a3 Bc5 24. Qe5+ Kc6 25. Na4 Bd6 26. Qe3
Qb8 27. Qc3+ Kb7 28. Nc5+ Bxc5 29. Qxc5 Bb5 30. Re1 Qe8 31. Qb6+ Kc8 32. Rxe6
Qg8 33. Be5 Qd8 34. Rc6+ 1-0

[Event "15. Obert Int. Sant Martí 2013 - B"]
[Site "Barcelona ESP"]
[Date "2013.07.14"]
[Round "2.52"]
[White "Sequera Morales, Jose David"]
[Black "Catarineu Navines, Federico"]
[Result "1-0"]
[WhiteElo "1575"]
[BlackElo "1934"]
[PlyCount "41"]
[EventDate "2013.07.13"]
[EventType "swiss"]
[EventRounds "9"]
[EventCountry "ESP"]
[SourceTitle "Ajedrez en Madrid"]
[Source "lmi"]
[SourceDate "2013.07.13"]
[SourceVersion "1"]
[SourceVersionDate "2019.06.21"]
[SourceQuality "1"]

1. e4 c5 2. Nf3 d6 3. d4 cxd4 4. Nxd4 Nf6 5. Nc3 a6 6. f4 e5 7. Nf3 exf4 8.
Bxf4 Be7 9. Bc4 O-O 10. O-O Qb6+ 11. Kh1 Qxb2 12. Na4 Qb4 13. Bb3 Nxe4 14. a3
Qa5 15. Qd4 Nc5 16. Nxc5 dxc5 17. Qe4 Bf6 18. Ng5 Bxg5 19. Bxg5 c4 20. Bxc4
Qxg5 21. Rxf7 1-0

[Event "15. Obert Int. Sant Martí 2013 - B"]
[Site "Barcelona ESP"]
[Date "2013.07.14"]
[Round "2.53"]
[White "Perez Garcia, Francisco Jose"]
[Black "Custodio Criado, Jofre"]
[Result "0-1"]
[WhiteElo "1840"]
[BlackElo "1568"]
[PlyCount "42"]
[EventDate "2013.07.13"]
[EventType "swiss"]
[EventRounds "9"]
[EventCountry "ESP"]
[SourceTitle "Ajedrez en Madrid"]
[Source "lmi"]
[SourceDate "2013.07.13"]
[SourceVersion "1"]
[SourceVersionDate "2019.06.21"]
[SourceQuality "1"]

1. e4 e5 2. Nf3 d6 3. d4 exd4 4. Nxd4 Be7 5. Bc4 Nf6 6. Nc3 c6 7. O-O O-O 8.
Re1 d5 9. exd5 cxd5 10. Bb3 Nc6 11. Bg5 h6 12. Bh4 Re8 13. Qd3 Qb6 14. Nxd5
Nxd5 15. Bxd5 g5 16. Qf3 Kh8 17. Bxc6 bxc6 18. Qxf7 Bb7 19. Nf5 Qxb2 20. Qg7+
Qxg7 21. Nxg7 Kxg7 0-1

[Event "15. Obert Int. Sant Martí 2013 - B"]
[Site "Barcelona ESP"]
[Date "2013.07.14"]
[Round "2.54"]
[White "Llados Clos, Jaume"]
[Black "Vargas Ramirez, Ana Maria"]
[Result "1-0"]
[WhiteElo "1568"]
[BlackElo "1836"]
[PlyCount "197"]
[EventDate "2013.07.13"]
[EventType "swiss"]
[EventRounds "9"]
[EventCountry "ESP"]
[SourceTitle "Ajedrez en Madrid"]
[Source "lmi"]
[SourceDate "2013.07.13"]
[SourceVersion "1"]
[SourceVersionDate "2019.06.21"]
[SourceQuality "1"]

1. e4 c5 2. Nc3 Nc6 3. f4 g6 4. Nf3 Bg7 5. Bc4 e6 6. d3 Nge7 7. O-O d5 8. Bb3
O-O 9. Qe1 Na5 10. Nd1 Nxb3 11. axb3 Nc6 12. Bd2 b6 13. Nc3 Bb7 14. e5 a6 15.
Ne2 Rc8 16. d4 Re8 17. Be3 Bf8 18. Qf2 Nb4 19. Ne1 c4 20. bxc4 dxc4 21. c3 Nd5
22. Bd2 Ne7 23. Ng3 h5 24. Nf3 Bg7 25. Rfe1 Kf8 26. Ng5 Nf5 27. N3e4 Bxe4 28.
Nxe4 Ra8 29. Qe2 Qc7 30. Ra4 Rec8 31. Rea1 a5 32. Be1 Ke7 33. Nd2 b5 34. R4a2
a4 35. Ne4 Rh8 36. Qf3 h4 37. Rd1 Rad8 38. Raa1 Qd7 39. Nc5 Qd5 40. Ne4 Rh5 41.
Rd2 Rhh8 42. Rdd1 Rdg8 43. Bd2 Kd8 44. Rf1 Bh6 45. Rae1 Kc7 46. Bc1 Ra8 47. Qe2
Rhb8 48. Qd2 Bf8 49. Rf2 b4 50. Qd1 b3 51. Nf6 Qc6 52. Ree2 a3 53. bxa3 Bxa3
54. d5 exd5 55. Nxd5+ Kb7 56. Bxa3 Rxa3 57. Nb4 Qc5 58. Qd7+ Ka8 59. Re1 Ra7
60. Qc6+ Qxc6 61. Nxc6 Rd7 62. Nxb8 Kxb8 63. Kf1 h3 64. g3 Rd3 65. Rc1 Ne3+ 66.
Ke2 Nd5 67. Ke1 Nxc3 68. Ra1 Ne4 69. Re2 Nc3 70. Rf2 Kb7 71. g4 Nb5 72. Rd2 Rc3
73. f5 gxf5 74. gxf5 Re3+ 75. Re2 Rxe2+ 76. Kxe2 Nd4+ 77. Kd2 Nxf5 78. Kc3 Ne3
79. Re1 Ng4 80. Re2 Kc6 81. Kxc4 Kd7 82. Kxb3 Ke6 83. Kc4 Nxe5+ 84. Kd4 f6 85.
Re3 Kf5 86. Rxh3 Ng4 87. Rf3+ Ke6 88. h4 Kf7 89. Rg3 Nh6 90. Ke4 Ng8 91. h5 Nh6
92. Rg6 Ng8 93. Kf4 Ne7 94. Rg3 Ng8 95. Rc3 Nh6 96. Rc7+ Kg8 97. Ke4 Ng4 98.
Kf5 Ne3+ 99. Kg6 1-0

[Event "15. Obert Int. Sant Martí 2013 - B"]
[Site "Barcelona ESP"]
[Date "2013.07.14"]
[Round "2.55"]
[White "Molina Cabaleiro, Juan Jose"]
[Black "Tahay, Romain"]
[Result "1-0"]
[WhiteElo "1801"]
[BlackElo "1553"]
[PlyCount "45"]
[EventDate "2013.07.13"]
[EventType "swiss"]
[EventRounds "9"]
[EventCountry "ESP"]
[SourceTitle "Ajedrez en Madrid"]
[Source "lmi"]
[SourceDate "2013.07.13"]
[SourceVersion "1"]
[SourceVersionDate "2019.06.21"]
[SourceQuality "1"]

1. e4 c5 2. d4 cxd4 3. c3 dxc3 4. Nxc3 Nc6 5. Nf3 d6 6. Bc4 e6 7. O-O Nf6 8.
Qe2 Qc7 9. Bf4 Ne5 10. Bxe5 dxe5 11. Rac1 Qb8 12. Nb5 Bd6 13. Rfd1 Bc5 14. b4
Bb6 15. Nd6+ Ke7 16. Nxe5 Rf8 17. Nf5+ exf5 18. Nc6+ bxc6 19. exf5+ Ne4 20.
Qxe4+ Kf6 21. Re1 g6 22. Qe7+ Kg7 23. f6+ 1-0

[Event "15. Obert Int. Sant Martí 2013 - B"]
[Site "Barcelona ESP"]
[Date "2013.07.14"]
[Round "2.56"]
[White "Escofet Llongueras, Joan"]
[Black "Ji, Pablo"]
[Result "0-1"]
[WhiteElo "1793"]
[BlackElo "1546"]
[PlyCount "70"]
[EventDate "2013.07.13"]
[EventType "swiss"]
[EventRounds "9"]
[EventCountry "ESP"]
[SourceTitle "Ajedrez en Madrid"]
[Source "lmi"]
[SourceDate "2013.07.13"]
[SourceVersion "1"]
[SourceVersionDate "2019.06.21"]
[SourceQuality "1"]

1. c4 Nf6 2. Nc3 c5 3. g3 Nc6 4. Bg2 g6 5. e4 Bg7 6. Nge2 O-O 7. O-O d6 8. h3
Bd7 9. d3 Qc8 10. Kh2 a6 11. Be3 e5 12. f4 Rb8 13. fxe5 Nxe5 14. Qd2 Re8 15.
Nd5 Nxd5 16. cxd5 Bb5 17. Nc1 Qc7 18. Rf2 a5 19. Rb1 b6 20. b3 Qd7 21. d4 cxd4
22. Bxd4 Rec8 23. Bf1 Bxf1 24. Rxf1 Qe7 25. Nd3 Nxd3 26. Qxd3 Bxd4 27. Qxd4
Rc2+ 28. Kg1 Qg5 29. Qd3 Rbc8 30. Rf2 R8c3 31. Qf1 Rxg3+ 32. Kh2 Rxf2+ 33. Qxf2
Re3 34. Rf1 Qe5+ 35. Kg1 Rg3+ 0-1

[Event "15. Obert Int. Sant Martí 2013 - B"]
[Site "Barcelona ESP"]
[Date "2013.07.14"]
[Round "2.57"]
[White "Aunes Cabanero, Jose"]
[Black "Monteagudo Aguilera, Maximo"]
[Result "0-1"]
[WhiteElo "1565"]
[BlackElo "1779"]
[PlyCount "66"]
[EventDate "2013.07.13"]
[EventType "swiss"]
[EventRounds "9"]
[EventCountry "ESP"]
[SourceTitle "Ajedrez en Madrid"]
[Source "lmi"]
[SourceDate "2013.07.13"]
[SourceVersion "1"]
[SourceVersionDate "2019.06.21"]
[SourceQuality "1"]

1. d4 d5 2. c4 e6 3. Nc3 Nf6 4. Nf3 Be7 5. cxd5 exd5 6. e3 O-O 7. h3 Bf5 8. Bd3
Ne4 9. O-O Nc6 10. a3 Re8 11. Ne5 Nxe5 12. dxe5 Nxc3 13. bxc3 Bxd3 14. Qxd3 c6
15. Rb1 Qc7 16. f4 Bc5 17. Kh1 Rad8 18. Bb2 Re6 19. e4 Qe7 20. Rbd1 Bxa3 21.
Bxa3 Qxa3 22. Ra1 Qc5 23. exd5 Rxd5 24. Qf3 Re8 25. Rfd1 Red8 26. f5 Ra8 27. e6
Rxf5 28. exf7+ Rxf7 29. Qg3 a5 30. Rd3 Raf8 31. Rad1 Rf1+ 32. Rxf1 Rxf1+ 33.
Kh2 Qg1# 0-1

[Event "15. Obert Int. Sant Martí 2013 - B"]
[Site "Barcelona ESP"]
[Date "2013.07.14"]
[Round "2.58"]
[White "Rovira Ruiz, Enric"]
[Black "Harutian, Arthur William"]
[Result "0-1"]
[WhiteElo "1765"]
[BlackElo "1517"]
[PlyCount "76"]
[EventDate "2013.07.13"]
[EventType "swiss"]
[EventRounds "9"]
[EventCountry "ESP"]
[SourceTitle "Ajedrez en Madrid"]
[Source "lmi"]
[SourceDate "2013.07.13"]
[SourceVersion "1"]
[SourceVersionDate "2019.06.21"]
[SourceQuality "1"]

1. e4 e5 2. Nf3 Nc6 3. Bb5 a6 4. Bxc6 dxc6 5. Nc3 Bd6 6. d4 Bg4 7. dxe5 Bxf3 8.
Qxf3 Bxe5 9. Bf4 Qe7 10. Bxe5 Qxe5 11. Rd1 Nf6 12. Qg3 Qxg3 13. hxg3 O-O 14.
O-O Rfe8 15. f3 Rad8 16. Kf2 b5 17. Rxd8 Rxd8 18. Rd1 Rxd1 19. Nxd1 a5 20. Ke3
Kf8 21. Kd4 Ke7 22. Ne3 g6 23. Kc5 Kd7 24. c4 b4 25. b3 Nh5 26. Nf1 Ng7 27. Kd4
Kd6 28. e5+ Ke6 29. Ne3 Nh5 30. Nf1 Ng7 31. g4 h5 32. gxh5 Nxh5 33. g3 f6 34.
exf6 Nxf6 35. Kc5 Kd7 36. Ne3 Nh5 37. Nf1 Ng7 38. Ne3 Ne6# 0-1

[Event "15. Obert Int. Sant Martí 2013 - B"]
[Site "Barcelona ESP"]
[Date "2013.07.14"]
[Round "2.59"]
[White "Aparicio Escudero, Hector F."]
[Black "Baum, Jonasz"]
[Result "1/2-1/2"]
[WhiteElo "1747"]
[BlackElo "1512"]
[PlyCount "87"]
[EventDate "2013.07.13"]
[EventType "swiss"]
[EventRounds "9"]
[EventCountry "ESP"]
[SourceTitle "Ajedrez en Madrid"]
[Source "lmi"]
[SourceDate "2013.07.13"]
[SourceVersion "1"]
[SourceVersionDate "2019.06.21"]
[SourceQuality "1"]

1. e4 e5 2. Nf3 Nc6 3. d4 exd4 4. Bc4 Nf6 5. e5 d5 6. Bb5 Ne4 7. O-O Bd7 8.
Bxc6 bxc6 9. Qxd4 Bc5 10. Qa4 f6 11. e6 Bxe6 12. Qxc6+ Kf7 13. Nc3 Nxc3 14.
Qxc5 Ne2+ 15. Kh1 Nxc1 16. Raxc1 Qe7 17. Qe3 Rhe8 18. Rfe1 Qb4 19. Qd4 Qxd4 20.
Nxd4 Bd7 21. h3 c5 22. Nf3 Rxe1+ 23. Rxe1 Re8 24. Rxe8 Kxe8 25. c3 Bf5 26. Kh2
Bb1 27. a3 Kd7 28. Kg3 Kc6 29. Nd2 Bc2 30. Kf3 d4 31. cxd4 cxd4 32. Kf4 Kd5 33.
h4 g6 34. g4 h6 35. Kg3 g5 36. hxg5 hxg5 37. Kf3 a6 38. Kg3 d3 39. Kf3 Kd4 40.
Kg2 Bd1 41. Kh3 Ba4 42. Kg3 Bd7 43. Kf3 Bc6+ 44. Kg3 1/2-1/2

[Event "15. Obert Int. Sant Martí 2013 - B"]
[Site "Barcelona ESP"]
[Date "2013.07.14"]
[Round "2.60"]
[White "Olleta Tanya, Jordi"]
[Black "Cuxart Taltavull, Albert"]
[Result "1-0"]
[WhiteElo "1527"]
[BlackElo "1741"]
[PlyCount "119"]
[EventDate "2013.07.13"]
[EventType "swiss"]
[EventRounds "9"]
[EventCountry "ESP"]
[SourceTitle "Ajedrez en Madrid"]
[Source "lmi"]
[SourceDate "2013.07.13"]
[SourceVersion "1"]
[SourceVersionDate "2019.06.21"]
[SourceQuality "1"]

1. d4 d5 2. Nf3 Nf6 3. c4 c6 4. e3 Bf5 5. Be2 e6 6. a3 h6 7. Nc3 Be7 8. O-O O-O
9. b4 Ne4 10. Nxe4 Bxe4 11. c5 Nd7 12. Nd2 Bh7 13. Bf3 e5 14. g3 exd4 15. exd4
Bf6 16. Nb3 Re8 17. Re1 Nf8 18. Bf4 Rxe1+ 19. Qxe1 Bc2 20. Na5 Bxd4 21. Rc1 Ba4
22. Nxb7 Qf6 23. Bd1 Bxd1 24. Rxd1 Ng6 25. Bd6 Bb2 26. a4 Bc3 27. Qe3 Bxb4 28.
Rd3 a5 29. h4 Qa1+ 30. Kg2 Qxa4 31. h5 Nf8 32. Qe7 Qc2 33. Rf3 f6 34. Nd8 Qe4
35. Qxf8+ Kh7 36. Be7 Qe5 37. Qf7 Rxd8 38. Bxf6 Qxf6 39. Rxf6 Bxc5 40. Rg6 Bf8
41. Rxc6 d4 42. Qg6+ Kh8 43. Qd3 a4 44. Ra6 a3 45. g4 Kg8 46. Kf1 Kh8 47. Ke2
Re8+ 48. Kd1 Rd8 49. Ra4 Rb8 50. Rxa3 Bc5 51. Rb3 Ra8 52. Ke2 Re8+ 53. Kf1 Ra8
54. Kg2 Rd8 55. Qc4 Be7 56. Qc7 Bf6 57. Rb8 Rxb8 58. Qxb8+ Kh7 59. Qd6 Kg8 60.
f4 1-0

[Event "15. Obert Int. Sant Martí 2013 - B"]
[Site "Barcelona ESP"]
[Date "2013.07.14"]
[Round "2.61"]
[White "Romero Funieles, Rafael"]
[Black "Quemades Schmid, Ricardo"]
[Result "0-1"]
[WhiteElo "1735"]
[BlackElo "1481"]
[PlyCount "76"]
[EventDate "2013.07.13"]
[EventType "swiss"]
[EventRounds "9"]
[EventCountry "ESP"]
[SourceTitle "Ajedrez en Madrid"]
[Source "lmi"]
[SourceDate "2013.07.13"]
[SourceVersion "1"]
[SourceVersionDate "2019.06.21"]
[SourceQuality "1"]

1. b3 d6 2. Bb2 e5 3. e3 Nf6 4. h3 Be7 5. Nf3 c6 6. Be2 O-O 7. d4 e4 8. Nfd2 d5
9. c4 Nbd7 10. Nc3 Nb6 11. a3 Be6 12. g4 h6 13. h4 Nh7 14. c5 Nd7 15. h5 f5 16.
gxf5 Bxf5 17. Bg4 Bh4 18. Rh2 Qg5 19. Rxh4 Qxh4 20. Bxf5 Rxf5 21. Qe2 Raf8 22.
O-O-O Rxf2 23. Qe1 Qxh5 24. Qg1 Qh3 25. Qg6 Ng5 26. Qd6 Nf3 27. Ndxe4 dxe4 28.
Nxe4 Rf1 29. Rxf1 Qxf1+ 30. Kc2 Qe2+ 31. Kb1 Qd3+ 32. Ka2 Qxe4 33. Qxd7 Nd2 34.
a4 Qxe3 35. Qxb7 Qg3 36. d5 Rb8 37. dxc6 Rxb7 38. cxb7 Qxb3+ 0-1

[Event "15. Obert Int. Sant Martí 2013 - B"]
[Site "Barcelona ESP"]
[Date "2013.07.14"]
[Round "2.62"]
[White "Sequera Morales, Genesis G."]
[Black "Pascual Duran, Pau"]
[Result "1-0"]
[WhiteElo "1726"]
[BlackElo "1473"]
[PlyCount "63"]
[EventDate "2013.07.13"]
[EventType "swiss"]
[EventRounds "9"]
[EventCountry "ESP"]
[SourceTitle "Ajedrez en Madrid"]
[Source "lmi"]
[SourceDate "2013.07.13"]
[SourceVersion "1"]
[SourceVersionDate "2019.06.21"]
[SourceQuality "1"]

1. e4 e5 2. Nc3 Nf6 3. f4 d5 4. fxe5 Nxe4 5. d3 Qh4+ 6. g3 Nxg3 7. Nf3 Qh5 8.
Nxd5 Na6 9. Nf4 Qh6 10. Ne2 Qc6 11. Nxg3 Bg4 12. Be2 Be7 13. Be3 Nb4 14. Nd4
Bxe2 15. Qxe2 Qd5 16. a3 Bh4 17. Rg1 Nc6 18. Nxc6 Qxc6 19. O-O-O O-O-O 20. Qg4+
Qe6 21. Qxh4 Qxe5 22. Rde1 Qd5 23. Kb1 Rd6 24. Qg4+ Kb8 25. Qxg7 Rhd8 26. Ne4
Ra6 27. Nc3 Qa5 28. Qxf7 b5 29. Bc5 Ka8 30. Re8 Rxe8 31. Qxe8+ Kb7 32. Ne4 1-0

[Event "15. Obert Int. Sant Martí 2013 - B"]
[Site "Barcelona ESP"]
[Date "2013.07.14"]
[Round "2.63"]
[White "Bernat Pascual, Magi"]
[Black "Terrones Hernandez, Jonathan"]
[Result "0-1"]
[WhiteElo "1511"]
[BlackElo "1711"]
[PlyCount "96"]
[EventDate "2013.07.13"]
[EventType "swiss"]
[EventRounds "9"]
[EventCountry "ESP"]
[SourceTitle "Ajedrez en Madrid"]
[Source "lmi"]
[SourceDate "2013.07.13"]
[SourceVersion "1"]
[SourceVersionDate "2019.06.21"]
[SourceQuality "1"]

1. d4 d5 2. c4 e6 3. Nc3 Nf6 4. Bg5 Be7 5. e3 O-O 6. Nf3 b6 7. Bd3 Bb7 8. O-O
Nbd7 9. cxd5 exd5 10. Rc1 Rc8 11. Nb5 a6 12. Na7 Ra8 13. Nc6 Bxc6 14. Rxc6 Ra7
15. Qd2 Ne4 16. Bxe4 dxe4 17. Bxe7 Qxe7 18. Ne1 f5 19. f4 Nf6 20. Nc2 Qd7 21.
Rc3 Nd5 22. Rb3 a5 23. a4 Qxa4 24. Ra3 Qd7 25. Rc1 Rf6 26. Ne1 Rc6 27. Rxc6
Qxc6 28. Qc2 Qxc2 29. Nxc2 b5 30. Kf2 b4 31. Ra4 b3 32. Na1 Nc3 33. Ra3 Nd1+
34. Ke2 Nxb2 35. Rxb3 Nd3 36. Ra3 a4 37. Nc2 Kf7 38. Ne1 Nb2 39. Nc2 Ke6 40.
Nb4 Rb7 41. Nc2 Kd5 42. h3 Kc4 43. Kd2 Rb3 44. Rxb3 Kxb3 45. Na1+ Ka2 46. Nc2
Nc4+ 47. Kc1 Kb3 48. Na1+ Kc3 0-1